000 00662cab a2200229 4500
001 WB3106-29
008 090401t1995 xxu||||| |||| 00| 0 eng d
035 _a(Sirsi) u71612
041 _aeng
245 _aSolicitor wins compensation
260 _c1995
350 _a0
490 _aTimes
_v7 February 1995, 5(1)
520 _aA solicitor trampled by cows whilst walking his dogs on a gated road has won a claim for compensation.
650 _aCOMPENSATION
650 _aGATED ROADS
650 _aPROPERTY-RURAL AND NATURAL ASSETS-AGRICULTURAL PROPERTY-LIVESTOCK
650 _aRIGHTS OF WAY
690 _aLAW
942 _n0
948 _c04/03/1997
999 _c45171
_d45171